| 000 | 01558nam0a2200361 i 4500 | ||
|---|---|---|---|
| 001 | RU\NLR\BIBL_A\012552236 | ||
| 005 | 20260405171338.0 | ||
| 010 |
_a9785947774344 _9200 |
||
| 021 |
_aRU _b2021-11665 _9КН-П-947 |
||
| 035 | _a(NLR Aleph) 012552236 | ||
| 090 |
_a12433831 _c12433831 |
||
| 100 | _a20210624d2020 u y0rusy50 ca | ||
| 101 | 0 |
_arus _aeng |
|
| 102 | _aRU | ||
| 105 | _ay|||ej||000zy | ||
| 181 | 0 |
_ai _baxxe |
|
| 182 | 0 | _an | |
| 200 | 1 |
_aРусско-английский словарь глагольных словосочетаний _fВ.В. Осечкин _gнаучный редактор: Воробьева Т.А., канд. филол. наук, доцент |
|
| 203 |
_aТекст _bвизуальный _cнепосредственный |
||
| 210 |
_aСанкт-Петербург _cКнижный Дом _d2020 |
||
| 215 |
_a313, [1] с. _d21 |
||
| 316 |
_aС дарств. надписью и автогр. авт. _5NLR |
||
| 320 | _aБиблиогр.: с. 310-311 (34 назв.) | ||
| 320 | _aДр. кн. авт. на 4-й с. обл. | ||
| 606 | 1 |
_aРусский язык _xГрамматические словари _xАнглийский язык _91575322 _3RU\NLR\AUTH\66990122 |
|
| 686 | 1 | _aШ141.12-491грамм | |
| 686 | 1 | _aШ143.21-491грамм | |
| 700 | 1 |
_8rus _7ca _aОсечкин _bВ. В. _cфилолог _gВсеволод Владимирович _3RU\NLR\AUTH\7773009 _955937 |
|
| 942 | _cBOOK | ||
| 980 | _aNBR | ||